Recueil historique des archevêchés, évêchés, abbayes et prieurés de France
Saved in:
| Main Author: | |
|---|---|
| Format: | Book |
| Language: | French |
| Published: |
París
Veuve Poussielgue
1905
|
| Series: | Archives de la France Monastique, 4
|
| Subjects: | |
| Tags: |
Add Tag
No Tags, Be the first to tag this record!
|
MARC
| LEADER | 00000nam a2200000 a 4500 | ||
|---|---|---|---|
| 001 | UCP4662 | ||
| 003 | CL-VaPUC | ||
| 008 | 990806e19050000FR |||||||||||||||||fre|d | ||
| 082 | 0 | 4 | |a 274.4 |b BEA |2 21 |
| 100 | 0 | |a Beaunier, Dom |e author |9 432328 | |
| 245 | 1 | 0 | |a Recueil historique des archevêchés, évêchés, abbayes et prieurés de France |
| 300 | |a v | ||
| 942 | |c BK | ||
| 945 | |d 19990806 00:00:00 |a crobeson | ||
| 260 | |a París |b Veuve Poussielgue |c 1905 | ||
| 500 | |a v.1: Province ecclésiastique de Paris | ||
| 500 | |a v.4: Provinces ecclésiastiques d'Alby, de Narbonne et de Toulouse | ||
| 500 | |a v.6: Province ecclésiastique de Sens | ||
| 500 | |a v.7: Province ecclésiastique de Rouen | ||
| 500 | |a v.8: Province ecclésiastique de Tours | ||
| 500 | |a v.9: Province ecclésiastique de Vienne | ||
| 500 | |a v.10: Province ecclésiastique de Lyon | ||
| 650 | 7 | |a HISTORIA ECLESIASTICA |2 CL-VaPUC |9 432329 | |
| 650 | 0 | |a Iglesia Católica |9 256114 | |
| 650 | 0 | |a Órdenes religiosas |9 257499 | |
| 650 | 7 | |a EDAD MEDIA FRANCESA |2 CL-VaPUC |9 417369 | |
| 650 | 7 | |a BENEDICTINOS |2 CL-VaPUC |9 432330 | |
| 650 | 7 | |a CONGREGACIONES |2 CL-VaPUC |9 388901 | |
| 650 | 0 | |a Monasterios |9 266676 | |
| 651 | 0 | |a Francia |9 255157 | |
| 583 | |a last modification |c 19990806 00:00:00 |k Rodrigo Vera | ||
| 490 | 0 | |a Archives de la France Monastique, 4 | |
| 999 | |c 282568 |d 282566 | ||
| 952 | |0 0 |1 0 |4 0 |6 274_400000000000000_BEA_1905 |7 0 |8 X |9 324432 |a BIBHIS |b BIBHIS |d 2019-11-20 |i 1355538 |o 274.4 BEA 1905 |p 1355538 |r 2024-01-30 |w 2019-11-20 |y BK_X |k HIS | ||
| 952 | |0 0 |1 0 |4 0 |6 274_400000000000000_BEA_1905 |7 0 |8 X |9 324433 |a BIBHIS |b BIBHIS |d 2019-11-20 |h v.1 |i 1355546 |o 274.4 BEA 1905 |p 1355546 |r 2024-01-30 |w 2019-11-20 |y BK_X |k HIS | ||
| 952 | |0 0 |1 0 |4 0 |6 274_400000000000000_BEA_1905 |7 0 |8 X |9 324434 |a BIBHIS |b BIBHIS |d 2019-11-20 |h v.4 |i 1355554 |o 274.4 BEA 1905 |p 1355554 |r 2024-01-30 |w 2019-11-20 |y BK_X |k HIS | ||
| 952 | |0 0 |1 0 |4 0 |6 274_400000000000000_BEA_1905 |7 0 |8 X |9 324435 |a BIBHIS |b BIBHIS |d 2019-11-20 |h v.6 |i 1355562 |o 274.4 BEA 1905 |p 1355562 |r 2024-01-30 |w 2019-11-20 |y BK_X |k HIS | ||
| 952 | |0 0 |1 0 |4 0 |6 274_400000000000000_BEA_1905 |7 0 |8 X |9 324436 |a BIBHIS |b BIBHIS |d 2019-11-20 |h v.7 |i 1355570 |o 274.4 BEA 1905 |p 1355570 |r 2024-01-30 |w 2019-11-20 |y BK_X |k HIS | ||
| 952 | |0 0 |1 0 |4 0 |6 274_400000000000000_BEA_1905 |7 0 |8 X |9 324437 |a BIBHIS |b BIBHIS |d 2019-11-20 |h v.8 |i 1355589 |o 274.4 BEA 1905 |p 1355589 |r 2024-01-30 |w 2019-11-20 |y BK_X |k HIS | ||
| 952 | |0 0 |1 0 |4 0 |6 274_400000000000000_BEA_1905 |7 0 |8 X |9 324438 |a BIBHIS |b BIBHIS |d 2019-11-20 |h v.9 |i 1355597 |o 274.4 BEA 1905 |p 1355597 |r 2024-01-30 |w 2019-11-20 |y BK_X |k HIS | ||
| 952 | |0 0 |1 0 |4 0 |6 274_400000000000000_BEA_1905 |7 0 |8 X |9 324439 |a BIBHIS |b BIBHIS |d 2019-11-20 |h v.10 |i 1355600 |o 274.4 BEA 1905 |p 1355600 |r 2024-01-30 |w 2019-11-20 |y BK_X |k HIS | ||